000 00418nam a22001697a 4500
005 20180630162848.0
008 160620b xxu||||| |||| 00| 0 eng d
020 _a81-8054-712-6
041 _aeng
082 _b8362
_a658
100 _aBhushan, Y.K.
_91674
245 _aBusiness Organisation & Mgt.
260 _aNew Delhi
_bSultan Chand & Sons,
_c2008
300 _a850
650 _aManagement
_9241
942 _cBK
999 _c3198
_d3197